Central Library, Doon University
WEBOPAC (ONLINE PUBLIC ACCESS CATALOGUE)

Infrastructure development and financing in India (Record no. 59532)

MARC details
000 -LEADER
fixed length control field 00468nam a22001817a 4500
005 - DATE & TIME
control field 20250326120808.0
008 - FIXED-LENGTH DATA ELEMENTS--GENERAL INFORMATION
fixed length control field 250326b |||||||| |||| 00| 0 eng d
020 ## - ISBN
International Standard Book Number 9788177083095
Price 2285.00
040 ## - CATALOGING SOURCE
Original cataloging agency Doon University
041 ## - Language
Language English
082 ## - DDC NUMBER
Classification number 338.0954
Book Number MAN
100 ## - MAIN ENTRY--PERSONAL NAME
Personal name Mani, N.
245 ## - TITLE STATEMENT
Title Infrastructure development and financing in India
260 ## - PUBLICATION, DISTRIBUTION, ETC. (IMPRINT)
Place of publication, distribution, etc New Delhi
Name of publisher, distributor, etc New Century
Date of publication, distribution, etc 2012
300 ## - PHYSICAL DESCRIPTION
Pages 590
650 ## - Subject
Subject Urban Study
942 ## - ADDED ENTRY ELEMENTS (KOHA)
Koha item type Books
100 ## - MAIN ENTRY--PERSONAL NAME
-- 3920
650 ## - Subject
-- 25322
952 ## - LOCATION AND ITEM INFORMATION (KOHA)
-- 2025-03-26
952 ## - LOCATION AND ITEM INFORMATION (KOHA)
-- 2025-03-26
Holdings
Withdrawn status Lost status Source of classification or shelving scheme Damaged status Not for loan Location (home branch) Sublocation or collection (holding branch) Date acquired Koha issues (times borrowed) Koha full call number Accession No. Koha date last seen Koha item type
          Doon University Doon University 26.03.2025   338.0954 MAN 50609 26.03.2025 Books
          Doon University Doon University 26.03.2025   338.0954 MAN 50610 26.03.2025 Books
Contact : +91-135-2533126 (Library),+91-135-2533105 (Admin Office) , Email : doonlibrary@gmail.com

Powered by Koha